000 00794nam a22002657a 4500
001
003 DO-SdBNP
005 20240412074308.0
007 ta
008 100203s 2015 dr 000 j spa d
020 _a 9789993442929
040 _aDO-SdBNP
_bspa
_cDO-SdBNP
082 4 _aBNPHU RD863.44
_bR175o,2015
100 1 _aRamos, Emelda,
_d1948-
_91915
245 1 4 _aLos oficios y placeres de Miralvalle /
_cEmelda Ramos.
250 _a2a.ed
260 _aSanto Domingo :
_bPEN,
_c2015.
300 _a109 p. ;
_c22 cm.
500 _aIncluye datos biográficos de la autora en la página 5
590 _aInventariado, 2021/BT
650 1 0 _aCuentos dominicanos
_9176
650 1 0 _aLiteratura dominicana.
_967
910 _aBtavárez . Validado. Control de calidad MMOLINA
942 _2ddc
_cLBS1
999 _c50528
_d50528